The Mediterranean world in Late Antiquity : ad 395-600

Αποθηκεύτηκε σε:
Λεπτομέρειες βιβλιογραφικής εγγραφής
Κύριος συγγραφέας: Cameron, Averil
Μορφή: Βιβλίο
Γλώσσα:English
Δημοσίευση: London : Routledge, 1996
Σειρά:Routledge history of the ancient world
Θέματα:
Ετικέτες: Προσθήκη ετικέτας
Δεν υπάρχουν, Καταχωρήστε ετικέτα πρώτοι!

MARC

LEADER 00000nam a2200000 i 4500
001 1/10438
008 970530s1996 eng d
020 |a 0-415-01421-2 
035 |l 10017855 
040 |a GR-MY-UA  |b gre  |e aacr 
041 0 |a eng 
082 0 |a 909.09822 
100 1 |a Cameron, Averil. 
245 1 4 |a The Mediterranean world in Late Antiquity :  |b ad 395-600 /  |c Averil Cameron 
260 |a London :   |b Routledge,   |c 1996 
300 |a 251 p.  |b maps, fig. 
490 1 |a Routledge history of the ancient world 
504 |a Includes bibliographical references and index 
650 0 0 |a Romans  |z Mediterranean Region. 
651 0 |a Mediterranean Region  |x Civilization. 
830 0 |a Routledge history of the ancient world 
852 |a INST  |b LESVOS  |e 19970530  |h 909.09822 CAM  |p 005100011118  |q 005100011118  |t BK  |y 0 
909 |a Λ  |b 049667